| 000 | 00496 a2200169 4500 | ||
|---|---|---|---|
| 003 | OSt | ||
| 005 | 20240110160939.0 | ||
| 008 | 240110b |||||||| |||| 00| 0 eng d | ||
| 020 | _a9789382581680 | ||
| 040 | _coclc | ||
| 082 |
_a297 _bAKB/E |
||
| 100 |
_aAkbar, M M _92026 |
||
| 245 |
_aEMBRYOGENESIS IN THE QURAN AND THE HADITHS Answer to Critiques / _cM M Akbar |
||
| 260 |
_aKerala: _bDa'wa books, _c2021 |
||
| 300 | _a220p | ||
| 942 |
_2ddc _cBK _h297 _iAKB/E _k297 _mAKB/E |
||
| 999 |
_c43049 _d43049 |
||